|
|
|
|
| LEADER |
00000nam a2200000 i 4500 |
| 001 |
1/66936 |
| 008 |
071210s2005 gre d |
| 020 |
|
|
|a 960-7623-42-8
|
| 035 |
|
|
|l 10092969
|
| 040 |
|
|
|a GR-MY-UA
|b gre
|e aacr
|
| 041 |
0 |
|
|a gre
|
| 082 |
0 |
|
|a 079.495
|2 (22)
|
| 100 |
1 |
|
|a Στρατάκης, Μιχάλης.
|
| 245 |
1 |
2 |
|a Η χαμένη αθωότητα της συνέντευξης /
|c Μιχάλης Στρατάκης
|
| 260 |
|
|
|a Θεσσαλονίκη :
|b Γερμανός,
|c 2005
|
| 300 |
|
|
|a 181 σ.;
|c 24 εκ.
|
| 650 |
0 |
0 |
|a Interviewing in journalism.
|
| 650 |
0 |
0 |
|a Press coverage.
|
| 650 |
0 |
0 |
|a Mass media
|x Communication.
|
| 650 |
0 |
0 |
|a Journalism
|x Political aspects.
|
| 650 |
0 |
0 |
|a Mass media
|x Political aspects
|z Greece.
|
| 852 |
|
|
|a INST
|b RHODES
|e 20071210
|h 079.495 ΣΤΡ
|p 005400025042
|q 005400025042
|t BK
|y 0
|
| 901 |
|
|
|a BIBL4-2007-3
|
| 909 |
|
|
|a Ρ
|b 140776
|
| 922 |
|
|
|a 4ΕΛΗ
|b 200711
|c ΕΠΕΑΕΚ2/ΤΜΣ
|d Σ.ΠΑΤΑΚΗΣ
|
| 970 |
|
|
|a ΜΙΣΣΟΣ
|b ΣΤΑΥΡΟΣ
|z 2007/12/10
|